banner-ar

دور المجتمع المدنى فى مواجهة الفقر فى المناطق العشوائية : (Record no. 60325)

MARC details
000 -الفاتح
حقل البيانات ثابتة الطول 01157nam a22002537a 4500
005 - وقت وتاريخ اخر تعامل مع التسجيلة
رقم الضبط 20240530110404.0
008 - عناصر البيانات ثابتة الطول - معلومات عامة
حقل البيانات ثابتة الطول 150129s2012 ua d g b 00| 0 ara d
040 ## - مصدر الفهرسة
وكالة الفهرسة الأصلية EG-CaGPL
041 0# - رمز اللغة
رمز لغة النص/ المسارات الصوتية أو العنوان الانفرادي ara
082 04 - رقم تصنيف ديوى العشرى
رقم الطبعة 21
رقم التصنيف 362.5\
رقم المادة ف د
100 0# - المدخل الرئيسى - إسم شخصى
الإسم الشخصى فاطمة على ابو الحديد
245 10 - بيان العنوان
العنوان دور المجتمع المدنى فى مواجهة الفقر فى المناطق العشوائية :
بقية العنوان دراسة ميدانية فى القاهرة الكبرى /
بيان المسئوليه,etc اعداد فاطمة على ابو الحديد ؛ تقديم نبيل محمد توفيق السمالوطى
260 ## - PUBLICATION, DISTRIBUTION, ETC. (IMPRINT)
تاريخ النشر أو التوزيع 2012
300 ## - الوصف المادى
التعداد 408 ص :
تفاصيل ماديه اخرى للوعاء جداول ؛
أبعاد الوعاء 24 سم
504 ## - تبصرة ببليوجرافية
تبصرة ببليوجرافية,الخ ببليوجرافية : ص 387 - 408
650 04 - المدخل الاضافى بالموضوع-مصطلح موضوعى
مصطلح موضوعي الفقر
650 04 - المدخل الاضافى بالموضوع-مصطلح موضوعى
مصطلح موضوعي المجتمع المدنى
التقسيم الفرعي العام العولمة
650 04 - المدخل الاضافى بالموضوع-مصطلح موضوعى
مصطلح موضوعي الفقر
التقسيم الفرعي العام رعاية اجتماعية
650 04 - المدخل الاضافى بالموضوع-مصطلح موضوعى
مصطلح موضوعي المشاكل الاجتماعية
650 04 - المدخل الاضافى بالموضوع-مصطلح موضوعى
مصطلح موضوعي الفقر
التقسيم الفرعي العام دراسة ميدانية
700 0# - المدخل الاضافى - اسم شخصى
الإسم الشخصى نبيل محمد توفيق السمالوطى
الدور مقدم
942 ## - عناصر المدخل الإضافي( كوها)
مصدر التصنيف او مخطط الترفيف Dewey Decimal Classification
Koha [default] item type كتاب
260 ## - PUBLICATION, DISTRIBUTION, ETC. (IMPRINT)
-- الاسكندرية :
-- دار المعرفة الجامعية ،
Holdings
حالة التراجع حالة الفقد حالة تلف ليس للاعارة المكان المؤقت الموقع الحالى تاريخ الاكتساب اجمالي اﻻعارات رقم الطلب الباركود تاريخ اخر مشاهدة تاريخ تفعيل السعر نوع وعاء كوها
        مكتبة القاهرة الكبرى مكتبة القاهرة الكبرى 01/29/2015   362.5\ ف د 159350 01/29/2015 01/29/2015 كتاب

Powered By

EGPV